<?xml version="1.0" encoding="UTF-8"?><?xml-stylesheet type="text/xsl" href="static/style.xsl"?><OAI-PMH xmlns="http://www.openarchives.org/OAI/2.0/" xmlns:xsi="http://www.w3.org/2001/XMLSchema-instance" xsi:schemaLocation="http://www.openarchives.org/OAI/2.0/ http://www.openarchives.org/OAI/2.0/OAI-PMH.xsd"><responseDate>2026-05-12T00:39:47Z</responseDate><request verb="GetRecord" identifier="oai:riubu.ubu.es:10259/11478" metadataPrefix="marc">https://riubu.ubu.es/oai/request</request><GetRecord><record><header><identifier>oai:riubu.ubu.es:10259/11478</identifier><datestamp>2026-03-23T12:32:19Z</datestamp><setSpec>com_10259_5645</setSpec><setSpec>com_10259_5086</setSpec><setSpec>com_10259_2604</setSpec><setSpec>col_10259_9820</setSpec><setSpec>col_10259_5684</setSpec></header><metadata><record xmlns="http://www.loc.gov/MARC21/slim" xmlns:doc="http://www.lyncode.com/xoai" xmlns:xsi="http://www.w3.org/2001/XMLSchema-instance" xmlns:dcterms="http://purl.org/dc/terms/" xsi:schemaLocation="http://www.loc.gov/MARC21/slim http://www.loc.gov/standards/marcxml/schema/MARC21slim.xsd">
<leader>00925njm 22002777a 4500</leader>
<datafield tag="042" ind1=" " ind2=" ">
<subfield code="a">dc</subfield>
</datafield>
<datafield tag="720" ind1=" " ind2=" ">
<subfield code="a">Moreno Molina, Adrián</subfield>
<subfield code="e">author</subfield>
</datafield>
<datafield tag="720" ind1=" " ind2=" ">
<subfield code="a">Antón Maraña, Paula</subfield>
<subfield code="e">author</subfield>
</datafield>
<datafield tag="720" ind1=" " ind2=" ">
<subfield code="a">Lima Santos, Luís</subfield>
<subfield code="e">author</subfield>
</datafield>
<datafield tag="720" ind1=" " ind2=" ">
<subfield code="a">Puche Regaliza, Julio César</subfield>
<subfield code="e">author</subfield>
</datafield>
<datafield tag="260" ind1=" " ind2=" ">
<subfield code="c">2026-03-12</subfield>
</datafield>
<datafield tag="520" ind1=" " ind2=" ">
<subfield code="a">This dataset comprises annual panel data for 52 Spanish provinces (NUTS-3) from 2015 to 2024, supporting the analysis in the manuscript&#xd;
"The Impact of Banking Deserts on Tourism Development: Evidence from Spanish Provinces." &#xd;
It includes 13 key variables on banking consolidation (e.g., HHI concentration, offices, firms_bank, workers_bank), &#xd;
provincial controls (gdp_pc, int_rate, unemploy, density), and tourism outcomes (credit_tour, firms_tour, workers_tour, overnight, travellers).</subfield>
</datafield>
<datafield tag="024" ind2=" " ind1="8">
<subfield code="a">Moreno Molina, A., Antón Maraña, P., LIMA SANTOS, L., &amp; Puche Regaliza, J. C. (2026). Spanish Provinces Banking and Tourism Panel Dataset (2015-2024) [Data set]. Universidad de Burgos. https://doi.org/10.71486/JS22-GW54</subfield>
</datafield>
<datafield tag="024" ind2=" " ind1="8">
<subfield code="a">https://hdl.handle.net/10259/11478</subfield>
</datafield>
<datafield tag="024" ind2=" " ind1="8">
<subfield code="a">10.71486/js22-gw54</subfield>
</datafield>
<datafield ind1=" " ind2=" " tag="653">
<subfield code="a">Banking deserts</subfield>
</datafield>
<datafield ind1=" " ind2=" " tag="653">
<subfield code="a">Tourism development</subfield>
</datafield>
<datafield ind1=" " ind2=" " tag="653">
<subfield code="a">Spanish provinces</subfield>
</datafield>
<datafield ind1=" " ind2=" " tag="653">
<subfield code="a">Banking consolidation</subfield>
</datafield>
<datafield ind1=" " ind2=" " tag="653">
<subfield code="a">Panel data</subfield>
</datafield>
<datafield ind1=" " ind2=" " tag="653">
<subfield code="a">Provincial controls</subfield>
</datafield>
<datafield tag="245" ind1="0" ind2="0">
<subfield code="a">Spanish Provinces Banking and Tourism Panel Dataset (2015-2024)</subfield>
</datafield>
</record></metadata></record></GetRecord></OAI-PMH>